Statistics for Countries that Produce Most Milk

Click here to take the quiz!

General Stats

  • This quiz has been taken 78 times
  • The average score is 8 of 10

Answer Stats

Production (106 kg/y)Answer% Correct
85,859United States
100%
40,553China
99%
24,218France
93%
28,691Germany
90%
110,040India
90%
32,562Russia
89%
13,237United Kingdom
88%
27,716Brazil
85%
34,362Pakistan
51%
15,217New Zealand
40%

Score Distribution

Percentile by Number Answered

Percent of People with Each Score

Your Score History

You have not taken this quiz